000 00674nam a22001817a 4500
005 20251108172242.0
008 250721s1999 xx 000 0 ara d
082 1 4 _a618.1/طيا
100 1 _aالطيارة، بسام خالد
_eكاتب حوار
245 1 0 _aأهم ما يجب أن تعرفه عن العقم :
_bمؤولية الزوج أم الزوجة هل هو داء مستعص أم له حلول /
264 1 _aبيروت :
_bمؤسسة المعارف،
_c1999.
300 _a106 ص
490 0 _aالصحة و الحياة و أمراض العصر
650 1 7 _aعقم الأنثى
650 1 7 _aعقم الذكور
942 _2ddc
_cBK
999 _c74274
_d74274